<?xml version="1.0" encoding="UTF-8"?>
<marc:record xmlns:marc="http://www.loc.gov/MARC21/slim">
   <marc:leader>00000nam a2200000 a 4500</marc:leader>
   <marc:datafield ind1="1" ind2=" " tag="100">
      <marc:subfield code="a">Loyd, Alex</marc:subfield>
      <marc:subfield code="4">aut</marc:subfield>
      <marc:subfield code="e">Verfasser/-in</marc:subfield>
   </marc:datafield>
   <marc:datafield ind1="1" ind2=" " tag="100">
      <marc:subfield code="a">Johnson, Ben</marc:subfield>
      <marc:subfield code="4">aut</marc:subfield>
      <marc:subfield code="e">Verfasser/-in</marc:subfield>
   </marc:datafield>
   <marc:datafield ind1="1" ind2=" " tag="100">
      <marc:subfield code="a">Imgrund, Barbara</marc:subfield>
   </marc:datafield>
   <marc:datafield ind1="0" ind2="0" tag="245">
      <marc:subfield code="a">Der Healing code</marc:subfield>
   </marc:datafield>
   <marc:datafield ind1="0" ind2="0" tag="245">
      <marc:subfield code="b">Die 6-Minuten-Heilmethode</marc:subfield>
   </marc:datafield>
   <marc:datafield ind1="0" ind2="0" tag="245">
      <marc:subfield code="c">Alex Loyd ; Ben Johnson. Aus dem Engl. von Barbara Imgrund</marc:subfield>
   </marc:datafield>
   <marc:datafield ind1=" " ind2="1" tag="264">
      <marc:subfield code="a">Reinbek</marc:subfield>
      <marc:subfield code="b">Rowohlt-Taschenbuch</marc:subfield>
   </marc:datafield>
   <marc:datafield ind1="1" ind2=" " tag="520">
      <marc:subfield code="a">In nur sechs Minuten zur Heilung &#x96; was unmöglich erscheint, haben Alex Loyd und Ben Johnson geschafft. Ihre Methode half Alex Loyds Frau, ihre Depression zu überwinden, und Johnson befreite sich von ALS, einer Krankheit, die eigentlich unheilbar ist. In ihrem Buch schildern sie weitere sensationelle Heilungsergebnisse, doch wirklich frappierend ist die Einfachheit dieser Methode: Man führt zweimal pro Tag eine Folge von vier Handpositionen aus, was gerade mal sechs Minuten dauert &#x96; das schafft jeder. Und die Ergebnisse sind einfach überwältigend!</marc:subfield>
   </marc:datafield>
   <marc:datafield ind1=" " ind2=" " tag="020">
      <marc:subfield code="a">9783499628078</marc:subfield>
      <marc:subfield code="9">9783499628078</marc:subfield>
   </marc:datafield>
   <marc:datafield ind1=" " ind2=" " tag="020">
      <marc:subfield code="a">3499628074</marc:subfield>
      <marc:subfield code="9">3499628074</marc:subfield>
   </marc:datafield>
</marc:record>
